000 00980cam a2200289 a 4500
001 17443903
003 OSt
005 20170228170631.0
008 120828s2012 enka b 001 0 eng
010 _a 2012405932
020 _a9781444119909 (pbk.)
020 _a1444119907 (pbk.)
040 _aDLC
_cDLC
_dDLC
042 _apcc
082 _aWY 20.5
_bL46n 2013
100 1 _aLe May, Andree.
_911684
245 1 0 _aIntroduction to nursing research :
_bdeveloping research awareness /
_cAndree Le May, Susan Holmes.
260 _aLondon :
_bHodder Arnold,
_c2012.
300 _avii, 149 p. :
_bill. ;
_c24 cm.
504 _aIncludes bibliographical references and index.
650 0 _aNursing
_xResearch.
_911685
650 0 _aNursing
_xResearch
_xMethodology.
_911686
700 1 _aHolmes, Susan.
_911687
906 _a7
_bcbc
_corigres
_d2
_encip
_f20
_gy-gencatlg
942 _2z
_cO_SHELF
999 _c5594
_d5594